[Event "XXXIII Festival A"]
[Site "Arco ITA"]
[Date "2011.10.26"]
[Round "5"]
[White "Collutiis, Duilio"]
[Black "Medancic, Rikard"]
[Result "1/2-1/2"]
[WhiteElo "2474"]
[BlackElo "2266"]
[PlyCount "106"]
[EventDate "2011.10.22"]

1. g3 c5 2. Bg2 Nc6 3. c4 g6 4. Nc3 Bg7 5. e3 e5 6. Nge2 Nge7 7. O-O O-O 8. a3
d6 9. Rb1 Be6 10. Nd5 Rb8 11. b4 cxb4 12. axb4 b5 13. Nxe7+ Nxe7 14. cxb5 Bc4
15. d3 Bxb5 16. Nc3 Bc6 17. Bxc6 Nxc6 18. Qa4 Qb6 19. b5 Ne7 20. Ba3 Rfd8 21.
Rfc1 Bf8 22. Ne4 h6 23. Nd2 Rd7 24. Nc4 Qd8 25. Qa6 Nd5 26. e4 Nc7 27. Qa4 Ne6
28. Na5 Rb6 29. Nc6 Qa8 30. Bb4 a6 31. Ra1 Nc7 32. bxa6 Rxa6 33. Na5 Qd8 34.
Rc6 Ra8 35. Rcc1 Ne6 36. Qd1 Rc7 37. Rxc7 Qxc7 38. Nc4 Rb8 39. Bd2 Qb7 40. Be3
Qb3 41. Qd2 h5 42. Kg2 Qb4 43. Qxb4 Rxb4 44. Ra6 Rb3 45. Nxd6 Rxd3 46. Nc4 Bg7
47. Ra5 f6 48. Ra6 Nf8 49. Ra8 Kf7 50. Nb6 f5 51. Ra7+ Kg8 52. exf5 gxf5 53.
Nc8 Ng6 1/2-1/2

[Event "XXXIII Festival A"]
[Site "Arco ITA"]
[Date "2011.10.26"]
[Round "5"]
[White "Coqueraut, Jean Dominique"]
[Black "Goli, Daniele"]
[Result "0-1"]
[WhiteElo "1824"]
[BlackElo "1941"]
[PlyCount "97"]
[EventDate "2011.10.22"]

1. d4 g6 2. c4 Bg7 3. Nc3 d6 4. e4 Nf6 5. Bd3 Nc6 6. Nge2 O-O 7. O-O e5 8. d5
Nd4 9. Nxd4 exd4 10. Ne2 Re8 11. f3 Nd7 12. b4 c5 13. bxc5 dxc5 14. f4 Nf6 15.
Ng3 h5 16. e5 Ng4 17. Ne4 b6 18. h3 Nh6 19. Nd6 Rf8 20. Nxc8 Qxc8 21. Qf3 Nf5
22. g4 hxg4 23. hxg4 Ne3 24. Bxe3 dxe3 25. Rae1 Qd7 26. Re2 Rfe8 27. Rxe3 g5
28. Bf5 Qe7 29. Rfe1 gxf4 30. Qxf4 Qh4 31. Qh2 Qxh2+ 32. Kxh2 Bh6 33. Re4 Bg5
34. Kg3 Kg7 35. Rh1 Rh8 36. Ree1 Bd2 37. Rxh8 Bxe1+ 38. Kg2 Rxh8 39. Kf3 Rh3+
40. Ke4 Rc3 41. d6 Rxc4+ 42. Kd5 Rd4+ 43. Kc6 Bg3 44. d7 Bxe5 45. Kb7 Kf8 46.
Kxa7 Ke7 47. Kxb6 c4 48. Kb5 c3 49. Bc2 0-1

[Event "XXXIII Festival A"]
[Site "Arco ITA"]
[Date "2011.10.26"]
[Round "5"]
[White "Cordioli, Luca"]
[Black "Mombelli, Antonio"]
[Result "1/2-1/2"]
[WhiteElo "1658"]
[BlackElo "1836"]
[PlyCount "62"]
[EventDate "2011.10.22"]

1. e4 c5 2. Nf3 e6 3. d4 cxd4 4. Nxd4 Nf6 5. Bd3 Nc6 6. Nxc6 bxc6 7. O-O d6 8.
b3 Be7 9. Bb2 O-O 10. Nd2 a5 11. Qe2 Nd7 12. Nf3 Nc5 13. a4 Nxd3 14. cxd3 Rb8
15. Nd2 e5 16. Rab1 Be6 17. Bc3 f6 18. Nc4 Bxc4 19. bxc4 Rxb1 20. Rxb1 Qc7 21.
Qd2 Ra8 22. Rb3 Bd8 23. Qb2 h6 24. g3 Qc8 25. Rb7 Bc7 26. Qb3 Kh7 27. Bd2 Qd8
28. Be3 Rb8 29. Rxb8 Bxb8 30. Bb6 Bc7 31. c5 dxc5 1/2-1/2

[Event "XXXIII Festival A"]
[Site "Arco ITA"]
[Date "2011.10.26"]
[Round "5"]
[White "Cottarelli, Franco"]
[Black "Russo, Carmelo"]
[Result "1/2-1/2"]
[WhiteElo "1842"]
[BlackElo "1711"]
[PlyCount "113"]
[EventDate "2011.10.22"]

1. e4 c6 2. d4 d5 3. exd5 cxd5 4. c4 dxc4 5. Bxc4 Nf6 6. Nf3 e6 7. O-O Be7 8.
Nc3 O-O 9. Bf4 a6 10. Qe2 Re8 11. Rad1 b5 12. Bd3 Bb7 13. Rfe1 Nc6 14. Bb1 Nb4
15. Be5 g6 16. h3 Rc8 17. Nh2 Bf8 18. Ng4 Bg7 19. Qd2 Nxg4 20. Bxg7 Kxg7 21.
hxg4 Rc7 22. Re3 Qg5 23. Ne4 Bxe4 24. Bxe4 Nd5 25. Bxd5 Qxd5 26. Rh3 Rh8 27.
Qf4 Rc4 28. Qh6+ Kg8 29. Rhd3 a5 30. a3 a4 31. Qf4 Kg7 32. Rf3 f5 33. gxf5 exf5
34. Re3 h5 35. Re7+ Kf6 36. Rde1 Rc6 37. R1e5 Qc4 38. Qf3 Qc1+ 39. Kh2 Rhc8 40.
d5 Rd6 41. Qd3 Qf4+ 42. Kg1 Rc1+ 43. Re1 Rxe1+ 44. Rxe1 Qc4 45. Qe3 Qc7 46.
Qe5+ Kg5 47. Qe3+ Kf6 48. Qe5+ Kg5 49. Re3 Qd8 50. Rg3+ Kh6 51. Qf4+ Kh7 52.
Rc3 Rxd5 53. Rc7+ Rd7 54. Rc5 Qe8 55. Kh2 Qe2 56. Rxf5 Qxb2 57. Rxh5+ 1/2-1/2

[Event "XXXIII Festival A"]
[Site "Arco ITA"]
[Date "2011.10.26"]
[Round "5"]
[White "Dalponte, Dino"]
[Black "Mercandelli, Claudio"]
[Result "1/2-1/2"]
[WhiteElo "2078"]
[BlackElo "1907"]
[PlyCount "97"]
[EventDate "2011.10.22"]

1. d4 Nf6 2. c3 e6 3. Nf3 b6 4. Bg5 Be7 5. Nbd2 Bb7 6. e3 d6 7. Bd3 Nbd7 8. O-O
O-O 9. e4 e5 10. h3 Nd5 11. exd5 Bxg5 12. Nxg5 Qxg5 13. Nf3 Qf6 14. Bb5 Rad8
15. Qa4 Qe7 16. Bc6 Bc8 17. Rfe1 e4 18. Nd2 f5 19. Re3 Nf6 20. Rae1 g5 21. R3e2
Qf7 22. c4 Qh5 23. Qb3 Kh8 24. f3 exf3 25. Qxf3 g4 26. hxg4 fxg4 27. Qg3 Qg6
28. Ba4 Nh5 29. Qh4 Nf4 30. Rf2 Nd3 31. Bc2 Bf5 32. Rxf5 Qxf5 33. Rf1 Qg6 34.
Qg3 Rxf1+ 35. Nxf1 Qf7 36. Bxd3 Rf8 37. Ne3 h5 38. Bf5 Qf6 39. Qf4 Kg7 40. Qe4
Qg5 41. g3 h4 42. Bxg4 hxg3 43. Bd7 Rf2 44. Nf5+ Kh8 45. Qe8+ Qg8 46. Qe7 Rh2
47. Qf6+ Kh7 48. Be8 Qg4 49. Ne3 1/2-1/2

[Event "XXXIII Festival A"]
[Site "Arco ITA"]
[Date "2011.10.26"]
[Round "5"]
[White "De Eccher, Stefano"]
[Black "Knors, Rudi"]
[Result "0-1"]
[WhiteElo "2259"]
[BlackElo "2125"]
[PlyCount "100"]
[EventDate "2011.10.22"]

1. e4 c6 2. d4 d5 3. f3 e6 4. Nc3 Bb4 5. Bd2 Bxc3 6. Bxc3 dxe4 7. fxe4 Qh4+ 8.
g3 Qxe4+ 9. Kf2 Nf6 10. Qf3 Qxc2+ 11. Ke1 Qe4+ 12. Qxe4 Nxe4 13. Bb4 Nd7 14.
Bg2 Nef6 15. Kd2 Nb6 16. Nf3 Nfd5 17. Bc5 Nc4+ 18. Ke2 b6 19. Ba3 Nxa3 20. bxa3
O-O 21. Rac1 Bb7 22. Rc2 f6 23. Bh3 Rae8 24. a4 Re7 25. a5 e5 26. dxe5 fxe5 27.
Ng5 h6 28. Ne4 c5 29. Bg2 Ba6+ 30. Kd2 Rd8 31. Kc1 Ne3 32. Rb2 Nxg2 33. Rxg2
Bb7 34. Re1 Rd4 35. Rge2 Bxe4 36. Rxe4 Rxe4 37. Rxe4 Kf7 38. a6 Ke6 39. Rg4 Kd5
40. Kd2 b5 41. Rg6 Re6 42. Rxg7 Rxa6 43. Rd7+ Kc4 44. h4 Rxa2+ 45. Ke3 Ra3+ 46.
Kf2 b4 47. g4 b3 48. Rb7 Kc3 49. h5 b2 50. g5 Rb3 0-1

[Event "XXXIII Festival A"]
[Site "Arco ITA"]
[Date "2011.10.26"]
[Round "5"]
[White "De Sio, Francesco"]
[Black "Tencheni, Maurizio"]
[Result "1-0"]
[WhiteElo "1811"]
[BlackElo "1647"]
[PlyCount "59"]
[EventDate "2011.10.22"]

1. e4 d6 2. d4 Nf6 3. Nc3 g6 4. f4 Bg7 5. Nf3 O-O 6. Bd3 c5 7. d5 Bg4 8. O-O
Qb6 9. Kh1 Nbd7 10. Qe1 Rac8 11. h3 Bxf3 12. Rxf3 a6 13. Be3 Qc7 14. Bf2 b5 15.
a3 c4 16. Bf1 Nc5 17. Rd1 Rfe8 18. e5 Nfd7 19. e6 fxe6 20. dxe6 Nf8 21. Re3 Rb8
22. g4 b4 23. axb4 Rxb4 24. Nd5 Qb7 25. Qxb4 Qxb4 26. Nxb4 Nfxe6 27. Bxc4 Rb8
28. Nd3 Kf8 29. Bxe6 Bd4 30. Nxc5 1-0

[Event "XXXIII Festival A"]
[Site "Arco ITA"]
[Date "2011.10.26"]
[Round "5"]
[White "Di Lazzaro, Gabriele"]
[Black "Maddaloni, Giovanni"]
[Result "0-1"]
[WhiteElo "1890"]
[BlackElo "1774"]
[PlyCount "102"]
[EventDate "2011.10.22"]

1. Nf3 c5 2. c4 Nc6 3. g3 Nf6 4. Bg2 d6 5. Nc3 e6 6. O-O Be7 7. d4 cxd4 8. Nxd4
Nxd4 9. Qxd4 O-O 10. Rd1 a6 11. b3 Qc7 12. Bb2 Bd7 13. Rac1 Rfd8 14. e4 Bc6 15.
Qe3 Bf8 16. Ne2 e5 17. Nc3 Rac8 18. Rd2 Qb8 19. Rcd1 b5 20. cxb5 axb5 21. Bh3
b4 22. Nd5 Bxd5 23. exd5 Rc5 24. Bf1 Qa8 25. Bc4 Ra5 26. h4 Qa7 27. Qe2 Nd7 28.
Bc1 Ra8 29. Bb5 Nc5 30. Bc6 Rb8 31. Rc2 h6 32. Be3 Qa6 33. Qxa6 Nxa6 34. Ba7
Rc8 35. Rdc1 Nc5 36. Bb6 Ra3 37. Ba4 Nxa4 38. bxa4 Rxc2 39. Rxc2 Rxa4 40. Be3
g5 41. g4 Bg7 42. Kf1 e4 43. Bd2 Be5 44. Rc4 Rxa2 45. Bxb4 Ra1+ 46. Kg2 Rd1 47.
Rxe4 Rxd5 48. Rc4 Kg7 49. Kf3 Kg6 50. Ke4 Rd1 51. Rc6 Rd4+ 0-1

[Event "XXXIII Festival A"]
[Site "Arco ITA"]
[Date "2011.10.26"]
[Round "5"]
[White "Eschweiler, Markus"]
[Black "Roessner, Uwe"]
[Result "0-1"]
[WhiteElo "1548"]
[BlackElo "1909"]
[PlyCount "50"]
[EventDate "2011.10.22"]

1. c4 e5 2. Nc3 d6 3. Nf3 Nf6 4. d4 exd4 5. Nxd4 Be7 6. e4 O-O 7. Be2 Re8 8.
O-O a5 9. Qc2 Na6 10. a3 Nc5 11. h3 a4 12. Be3 Nfd7 13. b4 axb3 14. Nxb3 Nxb3
15. Qxb3 Bf6 16. f3 Nc5 17. Bxc5 dxc5 18. Rad1 Bd4+ 19. Kh1 Qh4 20. Rxd4 cxd4
21. Nd5 Bxh3 22. gxh3 Qxh3+ 23. Kg1 Qg3+ 24. Kh1 Ra6 25. Qb5 Rh6# 0-1

[Event "XXXIII Festival A"]
[Site "Arco ITA"]
[Date "2011.10.26"]
[Round "5"]
[White "Galas, Franco"]
[Black "Stolfa, Rodolfo"]
[Result "0-1"]
[WhiteElo "1749"]
[BlackElo "1812"]
[PlyCount "72"]
[EventDate "2011.10.22"]

1. d4 d5 2. Nf3 Nf6 3. e3 e6 4. Nbd2 Bd6 5. Be2 Nbd7 6. b3 Qe7 7. Bb2 Ba3 8.
Bxa3 Qxa3 9. c4 b6 10. O-O Qd6 11. Qc2 O-O 12. Rfe1 Bb7 13. Bd3 h6 14. e4 dxe4
15. Nxe4 Nxe4 16. Bxe4 Bxe4 17. Rxe4 Rad8 18. Rh4 Nf6 19. Rd1 Nd7 20. Ng5 f5
21. Nf3 Rf6 22. Qe2 Nc5 23. d5 Ne4 24. Qb2 c6 25. h3 cxd5 26. cxd5 exd5 27. Nd2
Qf8 28. Nxe4 dxe4 29. Rxd8 Qxd8 30. Qe2 Rd6 31. Rf4 Qg5 32. g3 Rd3 33. h4 Rxg3+
34. fxg3 Qxg3+ 35. Kh1 Qxf4 36. Qc4+ Kh7 0-1

[Event "XXXIII Festival A"]
[Site "Arco ITA"]
[Date "2011.10.26"]
[Round "5"]
[White "Gardini, Enrico"]
[Black "Perich, Stefano"]
[Result "1/2-1/2"]
[WhiteElo "1822"]
[BlackElo "1931"]
[PlyCount "47"]
[EventDate "2011.10.22"]

1. c4 e5 2. Nc3 Nc6 3. g3 g6 4. Bg2 Bg7 5. d3 d6 6. Nf3 Nge7 7. O-O O-O 8. Ne1
Nd4 9. Nc2 Nxc2 10. Qxc2 c6 11. a4 a5 12. Rb1 Be6 13. Ne4 f5 14. Ng5 Bd7 15.
Qb3 h6 16. Nf3 Rb8 17. Be3 c5 18. Bd2 Nc6 19. Bc3 g5 20. Ne1 f4 21. Nc2 g4 22.
gxf4 exf4 23. Bxg7 Kxg7 24. Qc3+ 1/2-1/2

[Event "XXXIII Festival A"]
[Site "Arco ITA"]
[Date "2011.10.26"]
[Round "5"]
[White "Giaracuni, Claudio"]
[Black "Bergen, Klaus"]
[Result "1/2-1/2"]
[WhiteElo "1830"]
[BlackElo "1954"]
[PlyCount "30"]
[EventDate "2011.10.22"]

1. d4 Nf6 2. Nf3 g6 3. Bf4 Bg7 4. e3 d6 5. h3 O-O 6. c4 Nbd7 7. Nc3 Nh5 8. Bh2
e5 9. dxe5 Nxe5 10. Nxe5 Bxe5 11. Bxe5 dxe5 12. Be2 Nf6 13. O-O c6 14. Qxd8
Rxd8 15. Rfd1 Be6 1/2-1/2

[Event "XXXIII Festival A"]
[Site "Arco ITA"]
[Date "2011.10.26"]
[Round "5"]
[White "Giuriato, Sergio"]
[Black "Bonanzinga, Corrado"]
[Result "1/2-1/2"]
[WhiteElo "1961"]
[BlackElo "2136"]
[PlyCount "39"]
[EventDate "2011.10.22"]

1. d4 Nf6 2. c4 e6 3. Nc3 Bb4 4. e3 c5 5. Bd3 Nc6 6. Nf3 d5 7. O-O O-O 8. a3
Bxc3 9. bxc3 dxc4 10. Bxc4 Qc7 11. a4 Rd8 12. Bb5 b6 13. Bxc6 Qxc6 14. Ne5 Qc7
15. f3 Ba6 16. Re1 Nd5 17. Bd2 Rac8 18. e4 Ne7 19. Be3 Nc6 20. Nxc6 1/2-1/2

[Event "XXXIII Festival A"]
[Site "Arco ITA"]
[Date "2011.10.26"]
[Round "5"]
[White "Helbig, Dieter"]
[Black "Bortolotti, Silvano"]
[Result "0-1"]
[WhiteElo "1877"]
[BlackElo "1771"]
[PlyCount "84"]
[EventDate "2011.10.22"]

1. c4 e5 2. Nc3 Bc5 3. Nf3 Nc6 4. e3 d6 5. Be2 Bb4 6. Qc2 Bxc3 7. Qxc3 Nf6 8.
d3 O-O 9. O-O Bg4 10. a3 a5 11. b3 Ne7 12. h3 Bh5 13. Qc2 c5 14. Bb2 Qb6 15.
Bc3 Nc6 16. Rab1 Rfe8 17. g4 Bg6 18. Nh4 Ne7 19. f4 exf4 20. exf4 h6 21. f5 Bh7
22. Qd2 d5 23. g5 hxg5 24. Qxg5 d4 25. Bd2 Nxf5 26. Rf2 Nxh4 27. Qxh4 Bg6 28.
Rbf1 Rxe2 29. Rxe2 Bxd3 30. Rxf6 Qxf6 31. Bg5 Qc6 32. Rg2 Re8 33. Qg4 Qe4 34.
Bf4 Qe1+ 35. Kh2 Bg6 36. h4 Qe6 37. Qg3 Qf5 38. Qf2 d3 39. Rg5 Re2 40. Rxf5
Rxf2+ 41. Kg3 Rxf4 42. Rxf4 d2 0-1

[Event "XXXIII Festival A"]
[Site "Arco ITA"]
[Date "2011.10.26"]
[Round "5"]
[White "Hilbenz, Guntram"]
[Black "Viviani, Alessio"]
[Result "1-0"]
[WhiteElo "1924"]
[BlackElo "2021"]
[PlyCount "51"]
[EventDate "2011.10.22"]

1. c4 e5 2. g3 Nf6 3. Bg2 d5 4. cxd5 Nxd5 5. Nc3 Nb6 6. Nf3 Nc6 7. d3 Be7 8.
O-O O-O 9. a3 Be6 10. b4 f6 11. Bb2 Qd7 12. Qc2 Rad8 13. Ne4 Nd5 14. Nc5 Bxc5
15. Qxc5 Nce7 16. Rac1 b6 17. Qc2 c6 18. Rfd1 Rc8 19. e4 Nc7 20. d4 exd4 21.
Nxd4 Qe8 22. Nxe6 Nxe6 23. Qc3 Qf7 24. Bh3 f5 25. Rd7 Rc7 26. Bxf5 1-0

[Event "XXXIII Festival A"]
[Site "Arco ITA"]
[Date "2011.10.26"]
[Round "5"]
[White "Huemmer, Bernd"]
[Black "Lupini, Stefano"]
[Result "1-0"]
[WhiteElo "2218"]
[BlackElo "1921"]
[PlyCount "51"]
[EventDate "2011.10.22"]

1. c4 e5 2. Nc3 d6 3. d4 exd4 4. Qxd4 Nf6 5. g3 Nc6 6. Qd1 Be7 7. Bg2 O-O 8.
Nh3 Re8 9. O-O Bf8 10. b3 Bf5 11. Bb2 Ne4 12. Nd5 Ne7 13. Ne3 Bg6 14. Nf4 Rb8
15. Nxg6 Nxg6 16. Qd4 Nf6 17. Rfe1 Ne5 18. Nd5 Ned7 19. Rac1 c6 20. Ne3 Qb6 21.
Qf4 Rbd8 22. Rcd1 a5 23. Nf5 Ne5 24. Qg5 Qc7 25. c5 d5 26. Bxe5 1-0

[Event "XXXIII Festival A"]
[Site "Arco ITA"]
[Date "2011.10.26"]
[Round "5"]
[White "Joerges, Frank"]
[Black "Pedrotti, Luciano"]
[Result "1/2-1/2"]
[WhiteElo "1923"]
[BlackElo "1801"]
[PlyCount "56"]
[EventDate "2011.10.22"]

1. d4 Nf6 2. Nf3 e6 3. e3 Be7 4. Bd3 O-O 5. Nbd2 d5 6. c3 Nbd7 7. O-O c5 8. Qe2
Re8 9. e4 cxd4 10. cxd4 dxe4 11. Nxe4 Nxe4 12. Qxe4 Nf8 13. Bd2 f5 14. Qe2 Bf6
15. Bc3 Bd7 16. Ne5 Bxe5 17. dxe5 Bc6 18. Bb5 Qb6 19. Bxc6 Qxc6 20. Rac1 Ng6
21. g3 f4 22. f3 a6 23. Kg2 Rac8 24. a3 fxg3 25. hxg3 Qd5 26. Rcd1 Qb3 27. Rd3
Qb5 28. Qe4 Rc4 1/2-1/2

[Event "XXXIII Festival A"]
[Site "Arco ITA"]
[Date "2011.10.26"]
[Round "5"]
[White "Karl, Hans"]
[Black "Hocke, Sebastian"]
[Result "1/2-1/2"]
[WhiteElo "2201"]
[BlackElo "1904"]
[PlyCount "44"]
[EventDate "2011.10.22"]

1. e4 c5 2. Nc3 d6 3. g3 Nc6 4. Bg2 g6 5. d3 Bg7 6. Nh3 e6 7. O-O Nge7 8. Bg5
O-O 9. Qd2 Rb8 10. Bh6 b5 11. Bxg7 Kxg7 12. f4 b4 13. Ne2 d5 14. Nf2 Bb7 15.
Rfd1 Qb6 16. Qe3 Rfd8 17. Ng4 Nd4 18. Nxd4 cxd4 19. Qd2 dxe4 20. dxe4 d3+ 21.
Nf2 dxc2 22. Qxc2 Rbc8 1/2-1/2

[Event "XXXIII Festival A"]
[Site "Arco ITA"]
[Date "2011.10.26"]
[Round "5"]
[White "Kierzek, Mira"]
[Black "Papa, Angelo"]
[Result "1-0"]
[WhiteElo "2023"]
[BlackElo "1848"]
[PlyCount "97"]
[EventDate "2011.10.22"]

1. e4 g6 2. d4 Bg7 3. Nf3 d6 4. h3 Nf6 5. Nc3 c6 6. Be2 O-O 7. O-O b5 8. a3 a6
9. Be3 Qc7 10. Qd2 Nbd7 11. Bh6 e5 12. Bxg7 Kxg7 13. Rad1 Bb7 14. Nh2 Rad8 15.
f4 Qb6 16. Kh1 c5 17. d5 c4 18. Bf3 Rfe8 19. Rde1 Re7 20. f5 Nc5 21. g4 Ng8 22.
Bg2 f6 23. g5 Rf7 24. Ng4 Nd7 25. h4 Rdf8 26. Ne2 fxg5 27. Qxg5 Ndf6 28. Nxf6
Rxf6 29. Ng3 Kh8 30. Qg4 Bc8 31. Qg5 Qd4 32. c3 Qa7 33. fxg6 Rxg6 34. Rxf8 Rxg5
35. hxg5 Bg4 36. Ref1 Qe3 37. Nf5 Qxg5 38. Kg1 Bxf5 39. R8xf5 Qe3+ 40. Kh2 Kg7
41. R1f3 Qd2 42. Rf7+ Kg6 43. Rf2 Qg5 44. R2f5 Qh4+ 45. Bh3 Nf6 46. R7xf6+ Qxf6
47. Rxf6+ Kxf6 48. Bc8 a5 49. Ba6 1-0

[Event "XXXIII Festival A"]
[Site "Arco ITA"]
[Date "2011.10.26"]
[Round "5"]
[White "Knitl, Anton"]
[Black "Milazzo, Mario"]
[Result "1-0"]
[WhiteElo "2188"]
[BlackElo "2077"]
[PlyCount "73"]
[EventDate "2011.10.22"]

1. d4 f5 2. g3 Nf6 3. Bg2 g6 4. c3 Bg7 5. Qb3 d5 6. Nf3 Nbd7 7. O-O O-O 8. c4
e6 9. Bf4 c6 10. Nbd2 Re8 11. Ne5 Nxe5 12. Bxe5 Qb6 13. Qc2 Bd7 14. e3 Qd8 15.
b4 a5 16. a3 axb4 17. axb4 Qe7 18. c5 g5 19. f3 Nh5 20. f4 Bxe5 21. dxe5 d4 22.
Nc4 dxe3 23. Qe2 Ng7 24. Qxe3 gxf4 25. gxf4 Qh4 26. Rad1 Red8 27. Nb6 Ra2 28.
Nxd7 Kf7 29. Nf6 Rxd1 30. Rxd1 Nh5 31. Nxh5 Qxh5 32. Qf3 Qh4 33. Qg3 Qe7 34.
Bf3 b6 35. Bh5+ Kf8 36. Kh1 bxc5 37. Rg1 1-0

[Event "XXXIII Festival A"]
[Site "Arco ITA"]
[Date "2011.10.26"]
[Round "5"]
[White "Ledent, Philippe"]
[Black "Pistone, Salvatore"]
[Result "1-0"]
[WhiteElo "1887"]
[BlackElo "1671"]
[PlyCount "139"]
[EventDate "2011.10.22"]

1. d4 Nf6 2. c4 e6 3. Nc3 Bb4 4. Qc2 d5 5. cxd5 exd5 6. Bg5 Nc6 7. e3 O-O 8.
Bd3 h6 9. Bh4 Re8 10. h3 Nxd4 11. Qa4 c5 12. Bxf6 gxf6 13. a3 Bd7 14. Qd1 Bxc3+
15. bxc3 Nf5 16. Qh5 Re5 17. Nf3 Qe7 18. Nxe5 Qxe5 19. O-O Ng7 20. Qxh6 Bf5 21.
Bxf5 Qxf5 22. Qf4 Qe5 23. Rac1 b6 24. Rfd1 Qxf4 25. exf4 Rd8 26. Rd3 Ne6 27. g3
d4 28. Rcd1 c4 29. R3d2 d3 30. Rb2 Rd5 31. a4 Nc7 32. Rb4 Rc5 33. Kf1 Nd5 34.
Rc1 Nxb4 35. cxb4 Rc7 36. Rc3 a6 37. b5 axb5 38. axb5 Rc5 39. Ke1 Rxb5 40. Rxc4
Rc5 41. Rd4 Rc3 42. Kd2 Rc2+ 43. Ke3 Re2+ 44. Kxd3 Rxf2 45. Re4 Ra2 46. Re3 b5
47. Kd4 Ra4+ 48. Kc5 Ra8 49. Kxb5 Kg7 50. Kc6 Rd8 51. Kc5 Kg6 52. Kc4 f5 53.
Rd3 Re8 54. Kd4 Rh8 55. h4 Re8 56. Re3 Rd8+ 57. Kc3 Rd7 58. Rd3 Re7 59. Kd2 f6
60. Re3 Rg7 61. Ke2 Kh5 62. Kf3 Kg6 63. Re8 Kh7 64. Rf8 Rg6 65. Rf7+ Kg8 66.
Ra7 Rg7 67. Rxg7+ Kxg7 68. g4 fxg4+ 69. Kxg4 Kh6 70. Kf5 1-0

[Event "XXXIII Festival A"]
[Site "Arco ITA"]
[Date "2011.10.26"]
[Round "5"]
[White "Londers, Jan"]
[Black "Chiarion, Elisa"]
[Result "1/2-1/2"]
[WhiteElo "1891"]
[BlackElo "2012"]
[PlyCount "57"]
[EventDate "2011.10.22"]

1. e4 c5 2. Nf3 d6 3. d4 cxd4 4. Nxd4 Nf6 5. Nc3 g6 6. Be3 Bg7 7. f3 O-O 8. Qd2
Nc6 9. O-O-O d5 10. Kb1 Nxd4 11. e5 Nf5 12. exf6 Bxf6 13. Nxd5 Qxd5 14. Qxd5
Nxe3 15. Qd3 Nxd1 16. Qxd1 Be6 17. Bb5 a6 18. Ba4 Rfd8 19. Qe2 Rd4 20. Bb3 Bxb3
21. axb3 a5 22. c3 Rd6 23. Rd1 Rb6 24. Qc4 a4 25. bxa4 Rba6 26. Qb5 Rxa4 27.
Rd8+ Rxd8 28. Qxa4 b6 29. Kc2 1/2-1/2

[Event "XXXIII Festival A"]
[Site "Arco ITA"]
[Date "2011.10.26"]
[Round "5"]
[White "Marshall, Michael"]
[Black "Bottesi, Gianluca"]
[Result "1/2-1/2"]
[WhiteElo "1894"]
[BlackElo "1674"]
[PlyCount "45"]
[EventDate "2011.10.22"]

1. c4 Nf6 2. g3 c6 3. Bg2 d5 4. Nf3 Bg4 5. O-O Nbd7 6. cxd5 cxd5 7. d4 e6 8.
Nc3 Bd6 9. Bd2 Rc8 10. Re1 O-O 11. Nb5 Bb8 12. Bb4 Re8 13. Nd6 Bxd6 14. Bxd6
Nb6 15. Bf4 Nc4 16. b3 Na3 17. Rc1 Bf5 18. Rxc8 Qxc8 19. Qc1 Nc2 20. Rd1 Ne4
21. Nh4 Nc3 22. Rd2 Nxd4 23. Qb2 1/2-1/2

[Event "XXXIII Festival A"]
[Site "Arco ITA"]
[Date "2011.10.26"]
[Round "5"]
[White "Martinez, Guido"]
[Black "Seebacher, Reinhard"]
[Result "0-1"]
[WhiteElo "1912"]
[BlackElo "1700"]
[PlyCount "62"]
[EventDate "2011.10.22"]

1. d4 Nf6 2. c4 e6 3. Nc3 Bb4 4. Bg5 h6 5. Bh4 c5 6. e3 Qa5 7. Qc2 Ne4 8. Nge2
d5 9. O-O-O Bxc3 10. Nxc3 Nxc3 11. bxc3 Bd7 12. Qb2 Nc6 13. cxd5 exd5 14. Bd3
O-O 15. Bb1 Rac8 16. Qc2 f5 17. dxc5 Qxc5 18. Bg3 Nb4 19. Qb2 Qa5 20. Kd2 Na6
21. Rc1 Bb5 22. Rhd1 Bc4 23. Qxb7 d4 24. exd4 Rcd8 25. Ke1 Rde8+ 26. Be5 Rxe5+
27. dxe5 Qxe5+ 28. Be4 fxe4 29. Rd4 Nc5 30. Qc6 Nd3+ 31. Kd2 Qf4+ 0-1

[Event "XXXIII Festival A"]
[Site "Arco ITA"]
[Date "2011.10.26"]
[Round "5"]
[White "Mastroddi, Giuseppe"]
[Black "Bondielli, Giorgio"]
[Result "0-1"]
[WhiteElo "1710"]
[BlackElo "1885"]
[PlyCount "82"]
[EventDate "2011.10.22"]

1. d4 f5 2. Nf3 Nf6 3. e3 g6 4. Be2 Bg7 5. O-O O-O 6. c4 d6 7. Nc3 a5 8. a4 Na6
9. b3 Bd7 10. Bb2 c6 11. Nd2 Qc7 12. Rc1 Rac8 13. d5 e5 14. dxe6 Bxe6 15. h3
Nb4 16. Ba3 Qb6 17. Nf3 Rcd8 18. Qe1 Rfe8 19. Nd4 Bf7 20. Nf3 f4 21. Ng5 fxe3
22. f3 Qa7 23. Nxf7 Kxf7 24. Ne4 Kg8 25. Nxf6+ Bxf6 26. Bxb4 axb4 27. Qxb4 Qd4
28. f4 Qd2 29. Qxb7 Qxe2 30. Qxc6 Bh4 31. Qd5+ Kg7 32. f5 Bf2+ 33. Kh1 Qb2 34.
fxg6 hxg6 35. Qg5 e2 36. Rfe1 Bxe1 37. Rxe1 Qxb3 38. Qg4 Qe3 39. Qh4 Rf8 40.
Kh2 Rde8 41. Qg4 Qf4+ 0-1

[Event "XXXIII Festival A"]
[Site "Arco ITA"]
[Date "2011.10.26"]
[Round "5"]
[White "Mircoli, Filippo"]
[Black "Fusari, Paolo"]
[Result "0-1"]
[WhiteElo "1747"]
[BlackElo "1897"]
[PlyCount "54"]
[EventDate "2011.10.22"]

1. e4 e5 2. Nf3 Nc6 3. Bb5 Bc5 4. c3 Bb6 5. O-O Nf6 6. d4 exd4 7. cxd4 Nxe4 8.
Re1 d5 9. Ng5 O-O 10. Nxe4 dxe4 11. Bxc6 bxc6 12. Rxe4 f5 13. Re2 Bxd4 14. Rd2
c5 15. b4 Qf6 16. Bb2 Bxb2 17. Qb3+ Be6 18. Qxb2 cxb4 19. Qxf6 Rxf6 20. Rc2 Rc8
21. Rc5 c6 22. Nd2 Bd5 23. Rb1 Rb8 24. Nf1 Bxa2 25. Rb2 b3 26. Nd2 Rd6 27. Rc1
Rxd2 0-1

[Event "XXXIII Festival A"]
[Site "Arco ITA"]
[Date "2011.10.26"]
[Round "5"]
[White "Mulone, Gaspare"]
[Black "Roversi, Stefano"]
[Result "0-1"]
[WhiteElo "1628"]
[BlackElo "1822"]
[PlyCount "62"]
[EventDate "2011.10.22"]

1. e4 c5 2. Nf3 Nc6 3. g3 d6 4. Bg2 Nf6 5. d3 g6 6. O-O Bg7 7. Re1 O-O 8. Nbd2
a6 9. Nf1 Bg4 10. Ne3 Bxf3 11. Bxf3 Ne5 12. Bg2 Rb8 13. c3 b5 14. d4 cxd4 15.
cxd4 Nc4 16. Nxc4 bxc4 17. d5 Nd7 18. Qc2 Ne5 19. Rb1 Qa5 20. Rd1 Qxa2 21. f4
Nd3 22. Bf1 Nxc1 23. Bxc4 Rxb2 24. Bxa2 Rxc2 25. Rdxc1 Rxa2 26. Rc4 a5 27. Re1
Rb8 28. e5 dxe5 29. fxe5 Bxe5 30. Rcc1 Bd4+ 31. Kf1 Rf2+ 0-1

[Event "XXXIII Festival A"]
[Site "Arco ITA"]
[Date "2011.10.26"]
[Round "5"]
[White "Mumelter, Igor"]
[Black "Gardi, Giuseppe"]
[Result "0-1"]
[WhiteElo "1876"]
[BlackElo "2028"]
[PlyCount "122"]
[EventDate "2011.10.22"]

1. e4 g6 2. d4 Bg7 3. Nc3 c6 4. Nf3 d6 5. Be3 Qb6 6. Rb1 Qc7 7. h3 b5 8. Bd3
Nf6 9. O-O O-O 10. a3 Nbd7 11. Ne2 e5 12. Ng3 Re8 13. dxe5 Nxe5 14. Nxe5 dxe5
15. c4 a6 16. Qc2 Qb7 17. Rfd1 Be6 18. Be2 Red8 19. b3 Rd7 20. Rxd7 Nxd7 21.
Rd1 Bf8 22. a4 bxa4 23. bxa4 Rb8 24. Bg4 Bxg4 25. hxg4 Nc5 26. Nf1 Qb4 27. Bd2
Qb3 28. Rc1 Qxc2 29. Rxc2 Nxe4 30. Ne3 Bc5 31. Kf1 Nxd2+ 32. Rxd2 Bd4 33. Ke2
Rb4 34. Ra2 Bxe3 35. Kxe3 Rxc4 36. f3 Kf8 37. Kd3 Rd4+ 38. Kc3 a5 39. Kb3 Ke7
40. Rb2 Kd6 41. Ka3 f5 42. gxf5 gxf5 43. Rb7 h5 44. Ra7 Rd5 45. Rh7 e4 46. Rxh5
e3 47. Rh1 Rd3+ 48. Kb2 Rd2+ 49. Kc3 Ra2 50. Kd3 Ra3+ 51. Ke2 f4 52. g3 fxg3
53. Rg1 g2 54. f4 Ke6 55. Kf3 Kf5 56. Rc1 Rc3 57. Rxc3 g1=Q 58. Rc5+ Ke6 59.
Rxc6+ Kd5 60. Rc2 Qd1+ 61. Re2 Kd4 0-1

[Event "XXXIII Festival A"]
[Site "Arco ITA"]
[Date "2011.10.26"]
[Round "5"]
[White "Niccoli, Paolo"]
[Black "Mastroddi, Emiliano"]
[Result "1-0"]
[WhiteElo "1943"]
[BlackElo "2097"]
[PlyCount "65"]
[EventDate "2011.10.22"]

1. e4 c5 2. Nf3 d6 3. d4 cxd4 4. Nxd4 Nf6 5. Nc3 g6 6. Be3 Bg7 7. f3 Nc6 8. Qd2
O-O 9. Bc4 Bd7 10. O-O-O Ne5 11. Bb3 Qa5 12. g4 Rfc8 13. h4 Nc4 14. Bxc4 Rxc4
15. Nb3 Qa6 16. h5 Rac8 17. hxg6 fxg6 18. e5 Ne8 19. Qh2 Rxc3 20. Qxh7+ Kf8 21.
bxc3 Qxa2 22. Qxg6 Rxc3 23. Bh6 Be6 24. Bxg7+ Nxg7 25. Rh8+ Bg8 26. Qh7 Qxb3
27. Rd4 dxe5 28. Rd8+ Ne8 29. Rxg8+ Qxg8 30. Rxe8+ Kxe8 31. Qxg8+ Kd7 32. Qd5+
Ke8 33. Qxb7 1-0